000 00769nam a2200229 i 4500
001 146347
003 ES-MaACL
005 20250804061422.0
007 t|
008 070907s1972 sp ||||1| spa d
080 _a398.8(468.14)
080 _a784.4(468.14)
100 1 _aTorres Rodríguez de Gálvez, María de los Dolores de.
_9111011
245 1 0 _aCancionero popular de Jaén /
_cMaría de los Dolores de Torres Rodríguez Gálvez.
260 _a[Jaén] :
_bInstituto de Estudios Giennenses,
_c1972.
300 _aXII. 584 p. ;
_c22 cm.
500 _aTexto y música.
650 4 _aCanciones populares-
_zJaén (Provincia)
_910737
710 2 _aInstituto de Estudios Giennenses
_94904
852 _aES-MaACL
_jC-47225
_bR.84742
999 _c146347
_d146347